000 00436 a2200133 4500
001 87801
082 _aPR 178
090 _c41262
_d41262
100 _aMuhammad Kamran Khan Tareen, NUST Scholar 71002 71 EC
245 _aCFD Analysis of flow entrainment concept as used by the dyson fan
260 _aRisalpur
_bNUST Risalpur
_c2011
300 _ax, 43p.
_eRizwan Riaz, Wg Cdr ; Adnan Latif Mughal, Wg Cdr
500 _aBE Project Reports
942 _aCAE NUST
_kPR 178
999 _c322874
_d322874